| 000 | 00551nam a2200229 a 4500 | ||
|---|---|---|---|
| 001 | nice12345678 | ||
| 003 | IN_TiNIC | ||
| 005 | 20260116014248.0 | ||
| 008 | 050524s2005 dela grp 000 0 eng | ||
| 020 |
_a _c495 |
||
| 082 | 0 | 0 |
_a954.04 _bMIA |
| 100 | _aMian, Syed Mohammad | ||
| 245 | _aPrisoners of Malta (asiran-E-Malta) | ||
| 260 |
_aDelhi _bManas Pub. _c2005 |
||
| 300 | _a279p | ||
| 500 | _aincludes index and biblioraphy | ||
| 505 | 2 | _aIndex | |
| 700 | 1 | _aMian, Syed Mohammad | |
| 902 | _bSRS | ||
| 942 | _cBK | ||
| 999 |
_c14567 _d14567 |
||